[Event "Belgrade-chT Quality"]
[Site "Belgrade"]
[Date "2021.10.17"]
[Round "2.4"]
[White "Maksic, Dusan"]
[Black "Jovanovic, Dejan R"]
[Result "1/2-1/2"]
[WhiteElo "2019"]
[BlackElo "1951"]
[PlyCount "62"]
[EventDate "2021.10.16"]
[EventType "team-tourn"]
[EventRounds "11"]
[EventCountry "SRB"]
[SourceTitle "EXT 2023"]
[Source "ChessBase"]
[SourceDate "2022.10.05"]
[SourceVersion "1"]
[SourceVersionDate "2022.10.05"]
[SourceQuality "1"]
[WhiteTeam "Belgrade Banjica"]
[BlackTeam "Belgrade Obrenovac"]
[WhiteTeamCountry "SRB"]
[BlackTeamCountry "SRB"]

1. e4 d5 2. exd5 Qxd5 3. Nc3 Qd6 4. Bc4 c6 5. d3 Nf6 6. h3 Be6 7. Bxe6 Qxe6+ 8. Qe2 Qxe2+ 9. Ngxe2 e6 10. Be3 Nbd7 11. 0-0-0 0-0-0 12. g4 h6 13. Rhf1 Bc5 14. Bxc5 Nxc5 15. f4 Nd5 16. Nxd5 exd5 17. Rde1 Rde8 18. Ng3 g6 19. f5 Rxe1+ 20. Rxe1 Kd7 21. d4 Na6 22. Kd2 Nc7 23. c3 Re8 24. Rxe8 Nxe8 25. Kd3 g5 26. b3 Nf6 27. c4 a6 28. Kc3 Kd6 29. c5+ Ke7 30. Kd3 Kd7 31. Kc3 Ke7 1/2-1/2

[Event "Belgrade-chT Quality"]
[Site "Belgrade"]
[Date "2019.10.30"]
[Round "10.4"]
[White "Keserovic, Milan"]
[Black "Maksic, Dusan"]
[Result "1/2-1/2"]
[WhiteElo "2156"]
[BlackElo "2001"]
[PlyCount "23"]
[EventDate "2019.10.05"]
[EventType "team-tourn"]
[EventRounds "11"]
[EventCountry "SRB"]
[SourceTitle "EXT 2022"]
[Source "ChessBase"]
[SourceDate "2021.10.06"]
[SourceVersion "1"]
[SourceVersionDate "2021.10.06"]
[SourceQuality "1"]
[WhiteTeam "Romanticari"]
[BlackTeam "Banjica"]
[WhiteTeamCountry "SRB"]
[BlackTeamCountry "SRB"]

1. e4 e6 2. d4 Nf6 3. Nc3 Be7 4. Nf3 d5 5. Bd3 c5 6. exd5 Nxd5 7. Nxd5 Qxd5 8. dxc5 Bxc5 9. Bb5+ Bd7 10. Qxd5 exd5 11. Bxd7+ Nxd7 12. 0-0 1/2-1/2

[Event "Belgrade-chT Quality"]
[Site "Belgrade"]
[Date "2019.10.27"]
[Round "8.5"]
[White "Maksic, Dusan"]
[Black "Karleusa, Mirko"]
[Result "1-0"]
[WhiteElo "2001"]
[BlackElo "2008"]
[PlyCount "72"]
[EventDate "2019.10.05"]
[EventType "team-tourn"]
[EventRounds "11"]
[EventCountry "SRB"]
[SourceTitle "EXT 2022"]
[Source "ChessBase"]
[SourceDate "2021.10.06"]
[SourceVersion "1"]
[SourceVersionDate "2021.10.06"]
[SourceQuality "1"]
[WhiteTeam "Banjica"]
[BlackTeam "Borca"]
[WhiteTeamCountry "SRB"]
[BlackTeamCountry "SRB"]

1. e4 c5 2. Nc3 d6 3. Nf3 Nc6 4. d4 cxd4 5. Nxd4 Nf6 6. Be3 e6 7. Qd2 Be7 8. f3 a6 9. 0-0-0 Qc7 10. Kb1 Nxd4 11. Bxd4 e5 12. Be3 Be6 13. g4 Rc8 14. h4 b5 15. Bd3 Qa5 16. Nd5 Qxd2 17. Nxf6+ gxf6 18. Rxd2 Bc4 19. h5 Kd7 20. Bb6 Bd8 21. Bxd8 Rhxd8 22. Rhd1 Ke6 23. Bxc4+ Rxc4 24. c3 Rc5 25. a3 d5 26. Kc2 d4 27. Kb3 Rc4 28. cxd4 exd4 29. f4 d3 30. Rxd3 Rxd3+ 31. Rxd3 Rxe4 32. Rf3 Rc4 33. Re3+ Kd7 34. Rd3+ Ke7 35. Re3+ Kf8 36. Rf3 h6 1-0

[Event "Belgrade Cup 16th"]
[Site "Belgrade"]
[Date "2016.05.10"]
[Round "2.2"]
[White "Maksic, Dusan"]
[Black "Knezevic, Dragan V"]
[Result "1-0"]
[WhiteElo "1950"]
[BlackElo "1777"]
[PlyCount "44"]
[EventDate "2016.05.09"]
[EventType "team-swiss"]
[EventRounds "5"]
[EventCountry "SRB"]
[SourceTitle "CBM 172 Extra"]
[Source "ChessBase"]
[SourceDate "2016.06.21"]
[SourceVersion "1"]
[SourceVersionDate "2016.06.21"]
[SourceQuality "1"]
[WhiteTeam "Banjica"]
[BlackTeam "Podunavac"]
[WhiteTeamCountry "SRB"]
[BlackTeamCountry "SRB"]

1. e4 c5 2. Nc3 Nc6 3. Nf3 d6 4. d4 cxd4 5. Nxd4 g6 6. Be3 Bg7 7. Qd2 Nf6 8. f3 d5 9. Nxc6 bxc6 10. 0-0-0 Qa5 11. exd5 0-0 12. dxc6 Be6 13. Kb1 Ne4 14. fxe4 Bxc3 15. Qxc3 Qxa2+ 16. Kc1 Bg4 17. Re1 Qa1+ 18. Kd2 Rfd8+ 19. Bd3 Qa4 20. h3 Be6 21. Bh6 f6 22. g4 Rac8 1-0